[Event "CAN-ch w"]
[Site "Toronto CAN"]
[Date "2025.04.19"]
[Round "5.8"]
[White "Fu, Ashley"]
[Black "Deepak, Laksshana"]
[Result "0-1"]
[WhiteElo "1535"]
[BlackElo "1854"]
[WhiteFideId "-1"]
[WhiteFideId "-1"]
[PlyCount "68"]
[GameId "2171586280899172"]
[EventDate "2025.04.17"]
[EventType "swiss"]
[EventRounds "9"]
[EventCountry "CAN"]

1. e4 c6 2. d4 d5 3. Nc3 dxe4 4. Nxe4 Nf6 5. Nxf6+ exf6 6. Nf3 Bd6 7. Bd3 O-O 8. O-O Re8 9. h3 Be6 10. c3 Nd7 11. Re1 Nf8 12. Be3 Qd7 13. c4 Ng6 14. Rc1 Rad8 15. a3 Nf4 16. Bxf4 Bxf4 17. Rc2 h5 18. Rce2 Kf8 19. Re4 Qc7 20. Nh4 f5 21. Nxf5 Bxf5 22. Rxe8+ Rxe8 23. Rxe8+ Kxe8 24. Bxf5 g6 25. Be4 Qe7 26. Qf3 Bc1 27. Bxc6+ bxc6 28. Qxc6+ Kf8 29. Qa8+ Kg7 30. Qb8 Qe1+ 31. Kh2 Qxf2 32. Qe5+ Kh7 33. Qd5 Bf4+ 34. Kh1 Qf1# 0-1

[Event "CAN-ch w"]
[Site "Toronto CAN"]
[Date "2025.04.19"]
[Round "5.9"]
[White "Butenko, Zlata"]
[Black "Golubeva, Oksana"]
[Result "0-1"]
[WhiteElo "1764"]
[BlackElo "2132"]
[WhiteFideId "-1"]
[WhiteFideId "-1"]
[PlyCount "74"]
[GameId "2171588790182508"]
[EventDate "2025.04.17"]
[EventType "swiss"]
[EventRounds "9"]
[EventCountry "CAN"]

1. e4 e6 2. d4 d5 3. Nc3 Nf6 4. Bd3 c5 5. exd5 exd5 6. dxc5 Bxc5 7. Nf3 O-O 8. O-O Qd6 9. Bg5 Nbd7 10. Qd2 a6 11. Bf4 Qc6 12. Ne5 Nxe5 13. Bxe5 Ng4 14. Bg3 Be6 15. h3 Nf6 16. Be5 Ne4 17. Bxe4 dxe4 18. Bxg7 e3 19. fxe3 Kxg7 20. Qf2 Rg8 21. Ne2 Kh8 22. Nf4 Bxh3 23. Rae1 Rae8 24. Qf3 Qxf3 25. Rxf3 Bg4 26. Rff1 Rxe3 27. Rxe3 Bxe3+ 28. Kh2 Rd8 29. Nd3 Be6 30. Rf3 Bd4 31. c3 Bb6 32. Kh1 Rd4 33. Kh2 Rh4+ 34. Kg3 Rg4+ 35. Kh3 Bc7 36. Nc5 Bc8 37. Nd3 Re4+ 0-1

[Event "CAN-ch w"]
[Site "Toronto CAN"]
[Date "2025.04.19"]
[Round "5.10"]
[White "Starr, Nava"]
[Black "Sreekumar, Gauri"]
[Result "1/2-1/2"]
[WhiteElo "2048"]
[BlackElo "1674"]
[WhiteFideId "-1"]
[WhiteFideId "-1"]
[PlyCount "67"]
[GameId "2171590323597940"]
[EventDate "2025.04.17"]
[EventType "swiss"]
[EventRounds "9"]
[EventCountry "CAN"]

1. e4 c5 2. c3 Nf6 3. e5 Nd5 4. d4 cxd4 5. Qxd4 e6 6. Nf3 Nc6 7. Qe4 f5 8. exf6 Nxf6 9. Qh4 Be7 10. Bd3 Qa5 11. Bg6+ Kd8 12. Bc2 d6 13. O-O Bd7 14. Nbd2 Kc7 15. Nc4 Qh5 16. Bg5 Qxh4 17. Bxh4 Nd5 18. Bg3 Raf8 19. Rfe1 g5 20. Rad1 h5 21. Bxd6+ Bxd6 22. Nxd6 Kxd6 23. c4 g4 24. Nh4 Rf6 25. cxd5 exd5 26. Re2 Rhf8 27. g3 Ne5 28. Rxe5 Kxe5 29. Ng6+ Rxg6 30. Bxg6 Rh8 31. Bd3 Rc8 32. Bg6 Rh8 33. Bd3 Rc8 34. Bg6 1/2-1/2

[Event "CAN-ch w"]
[Site "Toronto CAN"]
[Date "2025.04.19"]
[Round "5.11"]
[White "Cabrera, Jennie"]
[Black "Xiao, Stephanie"]
[Result "1/2-1/2"]
[WhiteElo "1885"]
[BlackElo "1405"]
[WhiteFideId "-1"]
[WhiteFideId "-1"]
[PlyCount "112"]
[GameId "2171591517573756"]
[EventDate "2025.04.17"]
[EventType "swiss"]
[EventRounds "9"]
[EventCountry "CAN"]

1. e4 c5 2. c3 d5 3. exd5 Qxd5 4. d4 Nc6 5. Nf3 Bg4 6. Be2 e6 7. Be3 cxd4 8. cxd4 Nf6 9. Nc3 Qd8 10. a3 Be7 11. Qb3 Qd7 12. O-O O-O 13. Rfd1 Rfd8 14. Rac1 Nd5 15. Ne4 Bf5 16. Nc5 Bxc5 17. Rxc5 b6 18. Rcc1 a6 19. Qa2 Qb7 20. b4 Rac8 21. Qb2 Na7 22. Ne5 f6 23. Nc4 Be4 24. Bf1 Nb5 25. Qb3 Nbc3 26. Re1 b5 27. Nd2 Bg6 28. f3 Nxe3 29. Qxe6+ Bf7 30. Qxe3 Re8 31. Qf2 Rxe1 32. Rxe1 Qd5 33. Ne4 f5 34. Nxc3 Rxc3 35. Re3 Qb3 36. Rxc3 Qxc3 37. Qh4 Qe3+ 38. Qf2 Qxa3 39. Qd2 Qa2 40. Qxa2 Bxa2 41. Kf2 Kf7 42. Ke3 Ke6 43. Bd3 g6 44. g4 fxg4 45. fxg4 Bc4 46. Bc2 Bd5 47. h4 Bc4 48. h5 gxh5 49. gxh5 h6 50. Bh7 Kd6 51. Kd2 Be6 52. Ke3 Kd5 53. Kd3 Kd6 54. Be4 Bg4 55. Bg6 Bf3 56. Ke3 Bd5 1/2-1/2

[Event "CAN-ch w"]
[Site "Toronto CAN"]
[Date "2025.04.19"]
[Round "5.12"]
[White "Guan, Marie"]
[Black "Fiset, Anais Chloe"]
[Result "1/2-1/2"]
[WhiteElo "1549"]
[BlackElo "1808"]
[WhiteFideId "-1"]
[WhiteFideId "-1"]
[PlyCount "61"]
[GameId "2171598990725767"]
[EventDate "2025.04.17"]
[EventType "swiss"]
[EventRounds "9"]
[EventCountry "CAN"]

1. e4 c6 2. d4 d5 3. e5 Bf5 4. h4 h5 5. Bd3 Bxd3 6. Qxd3 Qa5+ 7. Nd2 e6 8. Ngf3 Nh6 9. O-O Nf5 10. Nb3 Qa6 11. Qxa6 Nxa6 12. c3 c5 13. Bg5 c4 14. Nc1 b5 15. a3 Nb8 16. Na2 a5 17. Rfb1 Nc6 18. Nc1 Rb8 19. b4 cxb3 20. Rxb3 b4 21. axb4 axb4 22. Ne2 Kd7 23. Bd2 Rb7 24. cxb4 Bxb4 25. Bxb4 Rhb8 26. Rab1 Rxb4 27. Rxb4 Rxb4 28. Rxb4 Nxb4 29. Kf1 Kc6 30. Ng3 Nxg3+ 31. fxg3 1/2-1/2

[Event "CAN-ch w"]
[Site "Toronto CAN"]
[Date "2025.04.19"]
[Round "5.13"]
[White "Zhou, Lily"]
[Black "Cloutier, Annabelle"]
[Result "1/2-1/2"]
[WhiteElo "1765"]
[BlackElo "1401"]
[WhiteFideId "-1"]
[WhiteFideId "-1"]
[PlyCount "120"]
[GameId "2171602768765583"]
[EventDate "2025.04.17"]
[EventType "swiss"]
[EventRounds "9"]
[EventCountry "CAN"]

1. d4 Nf6 2. c4 e6 3. Nc3 Bb4 4. Qc2 d5 5. Bg5 O-O 6. cxd5 exd5 7. e3 c5 8. a3 cxd4 9. axb4 dxc3 10. bxc3 h6 11. Bh4 Nc6 12. Nf3 Re8 13. Be2 Ne5 14. Nxe5 Rxe5 15. O-O Qb6 16. Rfd1 Bf5 17. Qa2 Ne4 18. Rac1 Rc8 19. Qb2 a5 20. c4 f6 21. cxd5 Rxc1 22. Rxc1 axb4 23. Bc4 Kh7 24. Bg3 Nxg3 25. hxg3 Qd6 26. Qb3 Be4 27. Bd3 f5 28. Bxe4 fxe4 29. Rd1 b5 30. Rd4 Qc5 31. g4 Qc3 32. Qxb4 Qxb4 33. Rxb4 Rxd5 34. Rxe4 Rd6 35. Rb4 Rb6 36. Kh2 Kg6 37. Kg3 Kf6 38. Kf4 g5+ 39. Ke4 Ke6 40. g3 Kd6 41. Kd4 Kc6 42. f4 gxf4 43. gxf4 Ra6 44. e4 Ra1 45. Ke5 Rg1 46. Kf5 Kc5 47. Rb2 Kc4 48. e5 b4 49. Re2 Kd3 50. e6 Kxe2 51. e7 b3 52. e8=Q+ Kd2 53. Qe5 Rb1 54. Qe4 Rc1 55. Qd4+ Kc2 56. Qc4+ Kb2 57. Qb4 Kc2 58. Qc4+ Kb2 59. Qb4 Kc2 60. Qc4+ Kb2 1/2-1/2

[Event "CAN-ch w"]
[Site "Toronto CAN"]
[Date "2025.04.19"]
[Round "5.14"]
[White "Roque, Alexa"]
[Black "Sreekumar, Gayathri"]
[Result "1-0"]
[WhiteElo "1610"]
[BlackElo "1485"]
[WhiteFideId "-1"]
[WhiteFideId "-1"]
[PlyCount "51"]
[GameId "2171607330427543"]
[EventDate "2025.04.17"]
[EventType "swiss"]
[EventRounds "9"]
[EventCountry "CAN"]

1. d4 d5 2. c4 e6 3. Nf3 c5 4. Nc3 cxd4 5. Nxd4 dxc4 6. e4 Bc5 7. Be3 Nf6 8. Bxc4 O-O 9. O-O Qe7 10. Qe2 Rd8 11. Rad1 e5 12. Nf5 Bxf5 13. Bxc5 Qc7 14. Rxd8+ Qxd8 15. exf5 Qc7 16. Rd1 Nbd7 17. Bd6 Qc8 18. Nd5 Nxd5 19. Bxd5 Nf6 20. Qxe5 Qe8 21. Qxe8+ Rxe8 22. Bxb7 Rd8 23. Rc1 h6 24. Rc8 Rxc8 25. Bxc8 Ne4 26. Bb4 1-0

[Event "CAN-ch w"]
[Site "Toronto CAN"]
[Date "2025.04.19"]
[Round "5.15"]
[White "Li, Alyssa"]
[Black "Chen, Shuang"]
[Result "1-0"]
[WhiteElo "1464"]
[BlackElo "1723"]
[WhiteFideId "-1"]
[WhiteFideId "-1"]
[PlyCount "63"]
[GameId "2171611777893658"]
[EventDate "2025.04.17"]
[EventType "swiss"]
[EventRounds "9"]
[EventCountry "CAN"]

1. e4 c5 2. Nc3 Nc6 3. f4 g6 4. Nf3 Bg7 5. Bc4 e6 6. O-O Nge7 7. e5 O-O 8. d4 cxd4 9. Nxd4 Qb6 10. Be3 Qxb2 11. Nxc6 Nxc6 12. Nb5 Qb4 13. Nd6 Na5 14. Rb1 Qa3 15. Bb5 Qxe3+ 16. Kh1 a6 17. Rf3 Qc5 18. Ne4 Qd5 19. Bd3 b5 20. Qe1 Nc4 21. Qh4 d6 22. Nf6+ Bxf6 23. exf6 Qh5 24. Qxh5 gxh5 25. Rh3 Rd8 26. Rxh5 Kf8 27. Rxh7 Ke8 28. g4 e5 29. g5 Bb7+ 30. Kg1 Nd2 31. Bf5 Nf3+ 32. Kf2 1-0

[Event "CAN-ch w"]
[Site "Toronto CAN"]
[Date "2025.04.19"]
[Round "5.16"]
[White "Dolderman, Clara"]
[Black "Kamath, Nikita"]
[Result "1-0"]
[WhiteElo "1474"]
[BlackElo "1607"]
[WhiteFideId "-1"]
[WhiteFideId "-1"]
[PlyCount "55"]
[GameId "2171623665120546"]
[EventDate "2025.04.17"]
[EventType "swiss"]
[EventRounds "9"]
[EventCountry "CAN"]

1. c4 d6 2. g3 Nf6 3. Bg2 g6 4. Nc3 Bg7 5. d3 O-O 6. e4 Nc6 7. Nge2 Re8 8. O-O e5 9. h3 Bd7 10. Be3 Qc8 11. Kh2 b6 12. Qd2 a5 13. Bh6 Ne7 14. Bxg7 Kxg7 15. f4 c5 16. f5 Rh8 17. g4 h6 18. fxg6 fxg6 19. Rf3 Qc7 20. Raf1 Raf8 21. Ng3 g5 22. Rxf6 Rxf6 23. Nh5+ Kg6 24. Rxf6+ Kh7 25. Rf7+ Kg6 26. Rxe7 Rg8 27. Qf2 Qd8 28. Qf6# 1-0

[Event "CAN-ch w"]
[Site "Toronto CAN"]
[Date "2025.04.19"]
[Round "5.17"]
[White "Wang, Angela"]
[Black "Malaviya, Bhakti"]
[Result "1-0"]
[WhiteElo "1551"]
[BlackElo "1486"]
[WhiteFideId "-1"]
[WhiteFideId "-1"]
[PlyCount "37"]
[GameId "2171624710800682"]
[EventDate "2025.04.17"]
[EventType "swiss"]
[EventRounds "9"]
[EventCountry "CAN"]

1. Nf3 c6 2. g3 d5 3. Bg2 Bf5 4. O-O e6 5. d4 c5 6. c4 dxc4 7. Qa4+ Nc6 8. dxc5 Bxc5 9. Ne5 Nge7 10. Nxc6 Qd7 11. Qxc4 Rc8 12. Qxc5 Nxc6 13. Qb5 O-O 14. Nc3 a6 15. Qb3 Ne5 16. Qxb7 Rc7 17. Qxa6 Ra7 18. Qb6 Rc8 19. Be3 1-0

[Event "CAN-ch w"]
[Site "Toronto CAN"]
[Date "2025.04.19"]
[Round "5.18"]
[White "Wangluo, Joanne"]
[Black "Yuan, Arianna"]
[Result "1-0"]
[WhiteElo "1541"]
[BlackElo "1421"]
[WhiteFideId "-1"]
[WhiteFideId "-1"]
[PlyCount "87"]
[GameId "2171635078079794"]
[EventDate "2025.04.17"]
[EventType "swiss"]
[EventRounds "9"]
[EventCountry "CAN"]

1. d4 d5 2. c4 e6 3. Nc3 Nc6 4. Nf3 Nf6 5. e3 Na5 6. cxd5 exd5 7. Qa4+ c6 8. Bd2 Nc4 9. Bxc4 dxc4 10. Qxc4 Be7 11. O-O Be6 12. Qd3 b5 13. b3 h6 14. Ne5 Ng4 15. Nxg4 Bxg4 16. h3 Be6 17. Ne2 O-O 18. Rac1 Qd7 19. Qc3 Rac8 20. Qb2 b4 21. Ng3 a5 22. Ne4 Qd5 23. Nc5 Bxc5 24. Rxc5 Qd8 25. Qc2 Qb6 26. Rc1 Bd7 27. Qe4 Rfe8 28. Qf3 Re6 29. Qh5 Rg6 30. Rxa5 Qb7 31. Rc4 c5 32. g3 Rg5 33. Qe2 Bxh3 34. e4 Re8 35. dxc5 Rge5 36. c6 Qc7 37. Rxe5 Qxe5 38. Bf4 Qa1+ 39. Rc1 Qd4 40. c7 Bc8 41. Rd1 Qf6 42. Qb5 Qe7 43. Qxe8+ Qxe8 44. Rd8 1-0

[Event "CAN-ch w"]
[Site "Toronto CAN"]
[Date "2025.04.19"]
[Round "5.19"]
[White "Abbarin, Shabnam"]
[Black "Geillon-Barral, Roween"]
[Result "1-0"]
[WhiteElo "1579"]
[BlackElo "1448"]
[WhiteFideId "-1"]
[WhiteFideId "-1"]
[PlyCount "55"]
[GameId "2171637282059578"]
[EventDate "2025.04.17"]
[EventType "swiss"]
[EventRounds "9"]
[EventCountry "CAN"]

1. e4 e5 2. Nf3 Nc6 3. d4 exd4 4. Nxd4 Nxd4 5. Qxd4 d6 6. Bc4 Be6 7. Bxe6 fxe6 8. Nc3 a6 9. Be3 e5 10. Qc4 Nf6 11. f3 c6 12. O-O-O b5 13. Qxc6+ Kf7 14. g4 Be7 15. g5 Nh5 16. h4 b4 17. Nd5 a5 18. Nxe7 Kxe7 19. Rhf1 Rc8 20. Qd5 Nf4 21. Bxf4 exf4 22. e5 Qb6 23. Rfe1 Rhe8 24. exd6+ Kf8 25. Qf5+ Kg8 26. d7 g6 27. Rxe8+ Kg7 28. Qf8# 1-0

[Event "CAN-ch w"]
[Site "Toronto CAN"]
[Date "2025.04.19"]
[Round "5.20"]
[White "Yeung, Marissa"]
[Black "Guan, Isabelle"]
[Result "0-1"]
[WhiteElo "1413"]
[BlackElo "1454"]
[WhiteFideId "-1"]
[WhiteFideId "-1"]
[PlyCount "60"]
[GameId "2171655630042434"]
[EventDate "2025.04.17"]
[EventType "swiss"]
[EventRounds "9"]
[EventCountry "CAN"]

1. e4 e5 2. Nf3 Nc6 3. Nc3 Nf6 4. Bc4 h6 5. O-O d6 6. h3 g5 7. Re1 g4 8. hxg4 Bxg4 9. Kf1 Nd4 10. Re3 Qd7 11. Nd5 Nxd5 12. exd5 Rg8 13. c3 Bxf3 14. Rxf3 Nxf3 15. Qxf3 O-O-O 16. Bd3 Kb8 17. a4 Qe7 18. b4 Re8 19. Bb5 Rd8 20. a5 e4 21. Qe2 Qh4 22. f3 Qh1+ 23. Kf2 Rxg2+ 24. Ke3 Rxe2+ 25. Bxe2 exf3 26. Bxf3 Re8+ 27. Kf4 Qh2+ 28. Kg4 h5+ 29. Kg5 Re5+ 30. Kf6 Qf4# 0-1

[Event "CAN-ch w"]
[Site "Toronto CAN"]
[Date "2025.04.19"]
[Round "5.21"]
[White "Auger, Anastasia"]
[Black "Divadalage, Sanya"]
[Result "1-0"]
[WhiteElo "1618"]
[BlackElo "1424"]
[WhiteFideId "-1"]
[WhiteFideId "-1"]
[PlyCount "107"]
[GameId "2171657745732938"]
[EventDate "2025.04.17"]
[EventType "swiss"]
[EventRounds "9"]
[EventCountry "CAN"]

1. e4 c5 2. Nc3 e6 3. f4 d5 4. Nf3 Nf6 5. Bb5+ Bd7 6. Bxd7+ Nbxd7 7. exd5 exd5 8. d4 Be7 9. O-O O-O 10. Kh1 Nb6 11. Ne5 Rc8 12. Be3 Bd6 13. Nb5 cxd4 14. Nxd6 Qxd6 15. Bxd4 Ne4 16. c3 Qh6 17. Rf3 f6 18. Bxb6 fxe5 19. Qxd5+ Rf7 20. fxe5 Ng3+ 21. Rxg3 Qxb6 22. b3 Rcc7 23. e6 Qf2 24. exf7+ Qxf7 25. Qd8+ Qf8 26. Qxc7 Qf7 27. Qxf7+ Kxf7 28. Rf1+ Ke6 29. Rxg7 b5 30. Rxh7 a5 31. Rh6+ Kd5 32. Rf5+ Ke4 33. Rxb5 Kd3 34. Rxa5 Kxc3 35. g4 Kd4 36. g5 Ke3 37. g6 Kf3 38. g7 Kf2 39. b4 Kf1 40. b5 Ke2 41. b6 Kf1 42. b7 Kf2 43. Rf5+ Ke2 44. a4 Kd3 45. a5 Ke4 46. Rb5 Kf4 47. a6 Kg4 48. a7 Kf4 49. Rh4+ Ke3 50. Rb3+ Kd2 51. Rg4 Kc2 52. b8=Q Kd2 53. Rg2+ Ke1 54. Rb1# 1-0

[Event "CAN-ch w"]
[Site "Toronto CAN"]
[Date "2025.04.19"]
[Round "5.22"]
[White "Hitchlock, Veronica"]
[Black "Manikandan Reddia Gowder, Kavira"]
[Result "1-0"]
[WhiteElo "1644"]
[BlackElo "1450"]
[WhiteFideId "-1"]
[WhiteFideId "-1"]
[PlyCount "75"]
[GameId "2171662479988053"]
[EventDate "2025.04.17"]
[EventType "swiss"]
[EventRounds "9"]
[EventCountry "CAN"]

1. c4 c5 2. Nc3 Nc6 3. Nf3 Nf6 4. g3 g6 5. Bg2 Bg7 6. d3 O-O 7. b3 d6 8. Bb2 Qd7 9. Rb1 b6 10. O-O Bb7 11. Nd5 Nxd5 12. cxd5 Nb4 13. Bxg7 Kxg7 14. e4 Nxa2 15. Qd2 Nb4 16. h4 Na6 17. Nh2 Nc7 18. Bf3 Ne8 19. Bg4 Qc7 20. h5 Rg8 21. h6+ Kf8 22. Nf3 Nf6 23. Bh3 Bc8 24. Kg2 Bxh3+ 25. Kxh3 Qd7+ 26. Kg2 a5 27. Ng5 a4 28. bxa4 Qc7 29. Ra1 Ra5 30. Qb2 Ra6 31. Rfb1 Qd7 32. Qb5 Qxb5 33. axb5 Rxa1 34. Rxa1 Ke8 35. Nxh7 Kd7 36. Nxf6+ exf6 37. Ra7+ Kc8 38. Ra8+ 1-0

[Event "CAN-ch w"]
[Site "Toronto CAN"]
[Date "2025.04.20"]
[Round "6.1"]
[White "Li, Yunshan"]
[Black "Qian, Ashley"]
[Result "1/2-1/2"]
[WhiteElo "2233"]
[BlackElo "1943"]
[WhiteFideId "-1"]
[WhiteFideId "-1"]
[PlyCount "76"]
[GameId "2170886505592303"]
[EventDate "2025.04.17"]
[EventType "swiss"]
[EventRounds "9"]
[EventCountry "CAN"]

1. d4 Nf6 2. Bg5 e6 3. e4 Be7 4. e5 Nd5 5. Bxe7 Qxe7 6. c4 Nb6 7. Nc3 d6 8. Qg4 O-O 9. Bd3 f5 10. exf6 Qxf6 11. Nf3 e5 12. Qe4 Bf5 13. Qxf5 Qxf5 14. Bxf5 Rxf5 15. b3 exd4 16. Nxd4 Re5+ 17. Kd2 Na6 18. f4 Re7 19. a4 c6 20. Rae1 Rae8 21. Rxe7 Rxe7 22. g3 Kf7 23. Nf5 Rd7 24. a5 Nc8 25. Re1 g6 26. Nd4 Ne7 27. Nf3 h6 28. Ne4 Kg7 29. Kc3 d5 30. Ned2 Nf5 31. cxd5 Rxd5 32. Nc4 Nc5 33. Nfe5 Nd4 34. Nd2 Nb5+ 35. Kc2 Na3+ 36. Kc3 Nb5+ 37. Kc2 Na3+ 38. Kc3 Nb5+ 1/2-1/2

[Event "CAN-ch w"]
[Site "Toronto CAN"]
[Date "2025.04.20"]
[Round "6.2"]
[White "Jiang, Hancy"]
[Black "Demchenko, Svitlana"]
[Result "0-1"]
[WhiteElo "1971"]
[BlackElo "2130"]
[WhiteFideId "-1"]
[WhiteFideId "-1"]
[PlyCount "60"]
[GameId "2170886505592304"]
[EventDate "2025.04.17"]
[EventType "swiss"]
[EventRounds "9"]
[EventCountry "CAN"]

1. Nf3 f5 2. d4 Nf6 3. c4 g6 4. g3 Bg7 5. b4 d6 6. Bb2 Ne4 7. Qb3 O-O 8. Bg2 a5 9. O-O axb4 10. Qxb4 Nc6 11. Qb3 e5 12. dxe5 Nc5 13. Qe3 Na4 14. Qb3 Nxb2 15. Qxb2 Nxe5 16. Nxe5 Bxe5 17. Nc3 Qf6 18. Rac1 c6 19. a3 Be6 20. Qb4 Bxc3 21. Rxc3 Ra4 22. Qb3 Rfa8 23. Re3 R8a7 24. Rc1 Bf7 25. Qb6 f4 26. Rf3 Rxa3 27. Rxf4 Qe7 28. Re4 Qg5 29. Rf4 Qa5 30. Qe3 Rxe3 0-1

[Event "CAN-ch w"]
[Site "Toronto CAN"]
[Date "2025.04.20"]
[Round "6.3"]
[White "Mills, Morgen"]
[Black "Zhang, Michelle"]
[Result "1-0"]
[WhiteElo "2013"]
[BlackElo "1793"]
[WhiteFideId "-1"]
[WhiteFideId "-1"]
[PlyCount "127"]
[GameId "2170886505600497"]
[EventDate "2025.04.17"]
[EventType "swiss"]
[EventRounds "9"]
[EventCountry "CAN"]

1. e4 c5 2. Nf3 a6 3. d4 cxd4 4. Nxd4 Nf6 5. Nc3 e5 6. Nf3 Bb4 7. Bd2 d6 8. Bd3 Be6 9. O-O Nc6 10. a3 Bc5 11. Na4 Ba7 12. c4 O-O 13. Nc3 Nd7 14. b4 Nd4 15. Ng5 h6 16. Nxe6 fxe6 17. Be3 Rc8 18. Rc1 Qh4 19. Ne2 Nf6 20. Bxd4 exd4 21. g3 Qh5 22. Nf4 Qf7 23. f3 Nd7 24. Ng2 Ne5 25. f4 Nxd3 26. Qxd3 Qd7 27. Rc2 b5 28. Rfc1 bxc4 29. Rxc4 Rxc4 30. Rxc4 Qb5 31. Ne1 d5 32. exd5 exd5 33. Rc7 Re8 34. Qxb5 axb5 35. Kf1 Bb6 36. Rb7 Re6 37. f5 Rc6 38. Ke2 Kf8 39. Kd3 Rc3+ 40. Kd2 Bd8 41. Rxb5 Bg5+ 42. Ke2 Re3+ 43. Kd1 Rxa3 44. Rxd5 Bf6 45. b5 Rb3 46. Kc2 Rc3+ 47. Kd2 Bg5+ 48. Ke2 Bf6 49. Nf3 Re3+ 50. Kf2 Rb3 51. Ne5 Ke7 52. Nc6+ Ke8 53. Na5 Rb2+ 54. Kf3 d3 55. Nc4 Rb3 56. Ke4 Rc3 57. Nd6+ Kd7 58. b6 Rb3 59. Nc4+ Kc8 60. Rxd3 Rb4 61. Kd5 Rb5+ 62. Kc6 Rb4 63. b7+ Kb8 64. Nb6 1-0

[Event "CAN-ch w"]
[Site "Toronto CAN"]
[Date "2025.04.20"]
[Round "6.4"]
[White "Ruchinskaya, Valerie"]
[Black "Qiao, Cindy"]
[Result "0-1"]
[WhiteElo "1880"]
[BlackElo "1896"]
[WhiteFideId "-1"]
[WhiteFideId "-1"]
[PlyCount "114"]
[GameId "2170886505600498"]
[EventDate "2025.04.17"]
[EventType "swiss"]
[EventRounds "9"]
[EventCountry "CAN"]

1. d4 Nf6 2. c4 e6 3. Nc3 Bb4 4. f3 c5 5. d5 d6 6. e4 b5 7. Nge2 bxc4 8. Nf4 e5 9. Nfe2 Nbd7 10. a3 Ba5 11. Qa4 O-O 12. Qxc4 Rb8 13. Rb1 Nb6 14. Qa2 Na4 15. Bd2 Bd7 16. b3 Nxc3 17. Nxc3 Nh5 18. g3 f5 19. Bg2 f4 20. Ne2 Bxd2+ 21. Qxd2 Bb5 22. g4 Qh4+ 23. Kd1 Nf6 24. Nc3 Bd7 25. h3 Qg3 26. Kc2 Rb6 27. Rhg1 h5 28. Qe1 Qxe1 29. Rgxe1 hxg4 30. hxg4 g5 31. Rh1 Kg7 32. Kd2 Rbb8 33. Rh2 Rh8 34. Rxh8 Rxh8 35. Rh1 Rb8 36. Rb1 a5 37. Kc2 Kg6 38. Kd2 Bc8 39. Kc2 Bxg4 40. fxg4 Nxg4 41. Kd2 Ne3 42. Bf3 g4 43. Be2 Rh8 44. Rg1 g3 45. Nd1 Nxd1 46. Kxd1 Rh2 47. Ke1 Kg5 48. a4 Kh4 49. Bf3 Kh3 50. Be2 Rf2 51. Rh1+ Kg2 52. Rh6 Rxe2+ 53. Kxe2 f3+ 54. Ke3 f2 55. Rf6 f1=Q 56. Rxf1 Kxf1 57. Kf3 g2 0-1

[Event "CAN-ch w"]
[Site "Toronto CAN"]
[Date "2025.04.20"]
[Round "6.5"]
[White "Poorna Prakash, Roshini"]
[Black "Dela Torre, Marife"]
[Result "0-1"]
[WhiteElo "1748"]
[BlackElo "1789"]
[WhiteFideId "-1"]
[WhiteFideId "-1"]
[PlyCount "68"]
[GameId "2170886505780723"]
[EventDate "2025.04.17"]
[EventType "swiss"]
[EventRounds "9"]
[EventCountry "CAN"]

1. d4 d5 2. Nf3 Nf6 3. Bg5 Ne4 4. Bh4 c5 5. e3 Nc6 6. c3 Qb6 7. Qb3 c4 8. Qc2 Bf5 9. Qc1 h6 10. Nbd2 g5 11. Bg3 Nxg3 12. hxg3 Bh7 13. Be2 Qc7 14. Bd1 f5 15. Bc2 e6 16. Qb1 Ke7 17. g4 Kf6 18. gxf5 exf5 19. g3 Re8 20. Ke2 b5 21. b3 b4 22. bxc4 bxc3 23. cxd5 Nb4 24. d6 Bxd6 25. Rxh6+ Bg6 26. Rxg6+ Kxg6 27. Bxf5+ Kg7 28. Nb3 Qc4+ 29. Bd3 Qd5 30. Bc2 g4 31. Nh4 Rxh4 32. e4 Qc4+ 33. Bd3 Nxd3 34. Qxd3 Rxe4+ 0-1

[Event "CAN-ch w"]
[Site "Toronto CAN"]
[Date "2025.04.20"]
[Round "6.6"]
[White "Golubeva, Oksana"]
[Black "Yancey, Alice"]
[Result "1-0"]
[WhiteElo "2132"]
[BlackElo "1690"]
[WhiteFideId "-1"]
[WhiteFideId "-1"]
[PlyCount "73"]
[GameId "2170886505780724"]
[EventDate "2025.04.17"]
[EventType "swiss"]
[EventRounds "9"]
[EventCountry "CAN"]

1. e4 c5 2. Nf3 e6 3. d3 Nc6 4. Nbd2 Nf6 5. a4 d5 6. c3 dxe4 7. dxe4 Qc7 8. Be2 Be7 9. Qc2 O-O 10. O-O b6 11. Nc4 Bb7 12. Bg5 Rad8 13. Rfe1 Rd7 14. Bf1 Rfd8 15. e5 Ne8 16. Bf4 h6 17. h4 Na5 18. Ncd2 Qc8 19. Ne4 Qa8 20. Bb5 Bc6 21. Re3 Nc7 22. Bxc6 Nxc6 23. Nf6+ gxf6 24. exf6 Bxf6 25. Bxh6 Ne7 26. Ng5 Nf5 27. Rg3 Bg7 28. Bxg7 Kxg7 29. Nxe6+ Kf6 30. Nxc7 Rxc7 31. Rf3 Qd5 32. c4 Qe5 33. g4 Qe6 34. Rxf5+ Ke7 35. Qc3 Kd7 36. Re1 Qg6 37. Qf3 1-0

[Event "CAN-ch w"]
[Site "Toronto CAN"]
[Date "2025.04.20"]
[Round "6.7"]
[White "Kucherenko, Olena"]
[Black "Koop, Alison"]
[Result "0-1"]
[WhiteElo "2049"]
[BlackElo "1633"]
[WhiteFideId "-1"]
[WhiteFideId "-1"]
[PlyCount "124"]
[GameId "2171671885037071"]
[EventDate "2025.04.17"]
[EventType "swiss"]
[EventRounds "9"]
[EventCountry "CAN"]

1. e4 c5 2. Nc3 Nc6 3. g3 g6 4. Bg2 Bg7 5. d3 d6 6. Be3 Rb8 7. Qd2 b5 8. Nf3 b4 9. Nd1 Nd4 10. O-O Bg4 11. Ne1 Nf6 12. f3 Bd7 13. Bh6 O-O 14. Bxg7 Kxg7 15. f4 e6 16. Ne3 a5 17. g4 Ne8 18. c3 Nc6 19. f5 f6 20. Nf3 Ne5 21. Rf2 Nc7 22. Raf1 Bb5 23. c4 Bd7 24. d4 cxd4 25. Nxd4 Qe7 26. h3 Rf7 27. b3 Rbf8 28. Rd1 Rd8 29. fxe6 Bxe6 30. Nxe6+ Nxe6 31. Nd5 Qa7 32. Kh1 Rdf8 33. Rdf1 Qc5 34. Qd1 Qc6 35. h4 Qd7 36. Bh3 Nc5 37. Kh2 Nxe4 38. Rf4 Nc3 39. Nxc3 bxc3 40. Qc2 Qc7 41. Qxc3 d5 42. Kh1 dxc4 43. bxc4 Rd8 44. Bg2 Rd3 45. Qa1 Qd6 46. g5 f5 47. Re1 Re7 48. h5 Kg8 49. h6 Nxc4 50. Rff1 Ne5 51. Qc1 Qd4 52. Rf4 Qc3 53. Qxc3 Rxc3 54. Bd5+ Kf8 55. Ra4 Rc5 56. Bb3 Nf3 57. Rd1 Re2 58. Rh4 Nxh4 59. Kg1 Rce5 60. Kf1 Nf3 61. Bd5 Re1+ 62. Rxe1 Rxe1+ 0-1

[Event "CAN-ch w"]
[Site "Toronto CAN"]
[Date "2025.04.20"]
[Round "6.8"]
[White "Deepak, Laksshana"]
[Black "Roque, Alexa"]
[Result "1-0"]
[WhiteElo "1854"]
[BlackElo "1610"]
[WhiteFideId "-1"]
[WhiteFideId "-1"]
[PlyCount "95"]
[GameId "2171674743160346"]
[EventDate "2025.04.17"]
[EventType "swiss"]
[EventRounds "9"]
[EventCountry "CAN"]

1. d4 f5 2. g3 e6 3. Bg2 Nf6 4. c4 c6 5. Nf3 d5 6. b3 Bd6 7. O-O O-O 8. Ba3 Bxa3 9. Nxa3 Bd7 10. Qc1 Be8 11. Qb2 a5 12. Rac1 Nbd7 13. Ne1 g5 14. Nb1 h5 15. Nf3 Ne4 16. Nbd2 Ndf6 17. h4 g4 18. Ne5 Nxd2 19. Qxd2 Nd7 20. Nd3 Qf6 21. Nf4 Bf7 22. cxd5 exd5 23. f3 Qh6 24. Rcd1 Nf6 25. Nxd5 Qxd2 26. Nxf6+ Kg7 27. Nxh5+ Bxh5 28. Rxd2 Rfe8 29. fxg4 Bxg4 30. Bf3 Bh3 31. Rf2 Re3 32. Kh2 Bg4 33. Kg2 Rae8 34. d5 Rd8 35. Bxg4 fxg4 36. Rf4 cxd5 37. Rxg4+ Kf6 38. Kf2 Re5 39. Rf4+ Kg6 40. Rfd4 Rf8+ 41. Ke1 Ref5 42. R2d3 Rf1+ 43. Kd2 Ra1 44. a4 Ra2+ 45. Ke3 Re8+ 46. Kf3 Rexe2 47. Rxd5 Rf2+ 48. Kg4 1-0